[Event "8th Dolomiti Open 2017"]
[Site "Forni di Sopra"]
[Date "2017.06.16"]
[Round "8.1"]
[White "Anurag, Mhamal"]
[Black "Matamoros Franco, Carlos S"]
[Result "0-1"]
[WhiteElo "2466"]
[BlackElo "2478"]
[Annotator "TA"]
[PlyCount "98"]
[EventDate "2017.??.??"]
[EventType "swiss"]
[EventCountry "ITA"]
[SourceTitle "playchess.com"]
[Source "ChessBase"]
[SourceQuality "1"]

{[%evp 16,98,16,9,12,0,0,0,9,0,12,12,4,-45,-43,-48,0,-53,-56,-73,-75,-81,-62,-71,-72,-102,-100,-106,-99,-125,-125,-133,-120,-127,-124,-113,-101,-100,-99,-149,-145,-179,-171,-171,-162,-182,-175,-274,-274,-274,-285,-518,-512,-500,-486,-468,-443,-445,-371,-543,-491,-556,-167,-168,0,-556,-495,-567,-550,-504,-533,-613,-494,-686,-689,-648,-621,-718,-429,-1480,-1426,-1160,-1123,-712,-646]} 1. Nf3 Nf6 2. g3 g6 3. b3 Bg7 4. Bb2 d6 5. d4 c5 6. Bg2 cxd4 {A49: 1 d4 Nf6 2 Nf3 g6 3 g3: Anti-King's Indian systems} 7. Nxd4 d5 8. c4 dxc4 9. bxc4 {LiveBook: 27 Games} (9. O-O cxb3 10. Qxb3 O-O 11. Na3 Nc6 12. Rfd1 Nxd4 13. Bxd4 {1-0 (22) Pantsulaia,L (2598)-Amin,B (2665) Al Ain 2015}) 9... Qb6 10. Qc2 Nc6 11. Nxc6 {[#] And now Bd4 would win.} bxc6 12. O-O O-O 13. Nd2 Bf5 14. e4 $146 ({Predecessor:} 14. Qb3 Rad8 15. Rad1 c5 16. Bc3 {½-½ (16) Dizdar,G (2495)-Cvitan,O (2550) Vinkovci 1993}) 14... Nxe4 $1 15. Bxg7 Nf6 16. Qb3 (16. Qc3 $11 Kxg7 17. Nb3) 16... Kxg7 $15 17. Qxb6 axb6 18. Bxc6 Rac8 $36 {[%mdl 2048] Black has the initiative.} 19. Bb5 Rfd8 20. Nb3 Be6 21. Rfc1 Ne4 22. Rc2 Nd6 23. Rd1 Nxb5 24. Rxd8 Rxd8 25. cxb5 Bxb3 (25... Rd1+ {feels hotter.} 26. Kg2 Bd5+ 27. f3 Rd3 28. Nd2 Ra3) 26. axb3 $17 {[%mdl 4096] Endgame KR-KR} Rd5 27. Kf1 Rxb5 28. Rc3 g5 29. Ke2 e6 30. g4 Rb4 31. f3 (31. Kf3 {might work better.}) 31... Kg6 $19 32. Kd3 h5 {[%cal Bh7h5,Bh5h4][%mdl 32]} 33. h3 $2 (33. gxh5+ {was the only defense.} Kxh5 34. Ke3) 33... h4 34. Kc2 Rf4 35. Kd2 Kf6 36. Rd3 b5 37. Ke3 (37. Ke2 {was called for.} Ke5 38. Re3+ Kd4 39. Rd3+ Kc5 40. Rd7) 37... Rb4 38. Rc3 Ke5 $2 (38... e5 39. Ke2 Ke6) 39. Rc5+ {[#]} Kf6 $2 (39... Kd6 $1 {[%cal Rd6c5]} 40. Rc3 f6) 40. Rc3 e5 {Black is clearly winning.} 41. Ke2 Ke6 42. Rc6+ Kd5 43. Rc3 f6 44. Ke3 e4 45. fxe4+ Rxe4+ 46. Kf2 Kd4 47. Rf3 (47. Rc6 $142 Re3 48. Rd6+ Kc5 49. Rxf6 Rxb3 50. Rg6) 47... Re6 48. Kg2 b4 49. Kf2 Rc6 {Precision: White = 29%, Black = 78%.} 0-1

[Event "8th Dolomiti Open 2017"]
[Site "Forni di Sopra"]
[Date "2017.06.16"]
[Round "8.2"]
[White "Rotstein, Arkadij"]
[Black "Castellanos Rodriguez, Renier"]
[Result "1/2-1/2"]
[WhiteElo "2495"]
[BlackElo "2488"]
[Annotator "TA"]
[PlyCount "108"]
[EventDate "2017.??.??"]
[EventType "swiss"]
[EventCountry "ITA"]
[SourceTitle "playchess.com"]
[Source "ChessBase"]
[SourceQuality "1"]

{[%evp 16,108,-5,-38,0,-25,12,10,9,-24,-31,-32,-34,-35,-6,-40,0,-4,33,0,21,-26,32,-12,16,13,35,29,36,30,36,35,33,38,54,47,53,38,48,49,61,32,114,115,121,127,138,134,111,69,64,-4,0,3,8,0,0,0,63,87,268,231,189,0,0,0,0,0,0,0,0,0,0,0,0,0,0,0,0,0,0,0,0,0,0,0,0,0,0,0,0,0,0,0,0]} 1. c4 c5 2. g3 g6 3. Bg2 Bg7 4. Nf3 Nc6 5. Nc3 d6 6. O-O Bf5 7. a3 {A37: Symmetrical English vs ...g6: 4 Bg2 Bg7 5 Nf3} (7. h3 Rb8 8. d3 Nf6 9. Be3 O-O 10. Qd2 a6 11. Bh6 b5 12. Nd5 Re8 13. Bxg7 Kxg7 14. Nxf6 exf6 {0-1 (79) Kuzubov,Y (2637)-Anton Guijarro,D (2660) Minsk 2017}) 7... Qd7 8. Re1 Bh3 9. Bh1 {LiveBook: 3 Games} h6 $146 ({Predecessor:} 9... h5 10. Rb1 h4 11. b4 hxg3 12. hxg3 Qf5 13. Bb2 Ne5 14. bxc5 Bf1 15. Nh4 Qh3 16. e3 Nf6 17. Ne4 Nfg4 18. Bxe5 Be2 {0-1 (18) Meneses Gonzalez,K (2337)-Santos Ruiz,M (2440) Linares 2016}) 10. Rb1 (10. b4 $5) 10... Nf6 11. b4 O-O 12. bxc5 dxc5 13. d3 b6 (13... Ng4 $5 {[%cal Rg7c3]} 14. Qd2 e6 $11) 14. Bb2 Rac8 15. Qa4 (15. Nd5 $5) 15... Rfd8 16. Nd2 Nh7 17. Nd5 (17. Bxc6 $5 Rxc6 18. Nd5 $11) 17... Ng5 18. Ne4 Ne6 (18... Bxb2 $11 19. Rxb2 Kg7) 19. e3 Bf5 20. f4 Nf8 21. Qc2 Nh7 22. Rbd1 Be6 23. Bxg7 Kxg7 24. Qb2+ f6 25. Nf2 Bg8 26. g4 Bxd5 27. cxd5 Na5 28. e4 {[%cal Be3e4,Be4e5][%mdl 32]} e6 {[#]} ({Black should play} 28... Qa4 $1 $14) 29. e5 $1 $16 {[%cal Re5f6] aiming for exf6+.} f5 30. d4 cxd4 31. Rxd4 Nf8 32. Red1 Qc7 ({Avoid the trap} 32... Nc4 $2 33. Qb3 $16) 33. dxe6 (33. Bg2 $14) 33... Rxd4 34. Qxd4 {[#] And now gxf5 would win.} Nxe6 35. Qd7+ Qxd7 36. Rxd7+ Kh8 (36... Kf8 $11) 37. Nd3 $1 $14 ({But not} 37. Rxa7 Nxf4 38. h4 Nc4 $15) 37... Rc3 $2 (37... Nb3 $16) 38. gxf5 gxf5 39. Bg2 $2 (39. Bd5 $18 Nf8 40. Rd8) 39... Nb3 $11 {The position is equal.} 40. Bd5 Nbd4 41. Bxe6 Nxe6 42. Rd6 Rxa3 43. Rxe6 Rxd3 44. Rxh6+ {[%mdl 4096] Endgame KR-KR} Kg7 45. Rf6 (45. Rd6 $5 {[%cal Rd6d3]} Rf3 46. Rd7+ Kg6 47. Rxa7 $11) 45... b5 {[%cal Bb6b5,Bb5b4,Bb4b3][%mdl 32]} 46. Rxf5 Rd5 47. Rg5+ Kf7 48. Kf2 b4 49. Ke3 b3 {White must now prevent ...b2.} 50. e6+ $1 Kxe6 51. Rxd5 $1 Kxd5 52. Kd3 b2 53. Kc2 Ke4 54. Kxb2 Kxf4 {Precision: White = 54%, Black = 52%.} 1/2-1/2

[Event "8th Dolomiti Open 2017"]
[Site "Forni di Sopra"]
[Date "2017.06.16"]
[Round "8.3"]
[White "Stany, G A"]
[Black "Bruno, Fabio"]
[Result "1-0"]
[WhiteElo "2489"]
[BlackElo "2427"]
[Annotator "TA"]
[PlyCount "63"]
[EventDate "2017.??.??"]
[EventType "swiss"]
[EventCountry "ITA"]
[SourceTitle "playchess.com"]
[Source "ChessBase"]
[SourceQuality "1"]

{[%evp 17,63,47,58,56,68,59,55,53,45,42,45,32,72,72,93,85,83,87,72,70,78,74,102,69,157,163,160,157,158,141,152,150,145,37,34,39,38,50,52,62,214,210,475,458,777,768,1616,1581]} 1. e4 c5 2. Nf3 e6 3. d4 cxd4 4. Nxd4 a6 5. Bd3 Bc5 6. Nb3 Be7 7. O-O d6 8. c4 Nf6 9. Nc3 Qc7 10. f4 {B42: Sicilian: Kan Variation: 5 Bd3} Nbd7 11. Qf3 b6 12. Be3 {White is slightly better.} Bb7 13. Rac1 Rc8 14. Qh3 g6 {[#]} 15. Nd2 $146 ({Predecessor:} 15. Rc2) 15... Qb8 16. Rce1 $36 {[%mdl 2048] Keeping Black busy.} h5 17. Be2 {[%cal Bd3e2,Be2d1,Bd1f3][%mdl 32]} Qc7 18. Bf2 Kf8 19. Kh1 Nc5 {[%cal Rf6e4]} 20. Bd1 Kg8 {[#]} (20... h4 $14) 21. f5 $1 $16 {[%cal Rf5g6]} gxf5 22. exf5 e5 23. Bh4 Ncd7 24. Bf3 Kf8 25. Nde4 (25. Bxb7 $16 Qxb7 26. Nce4) 25... Bxe4 $1 $14 26. Rxe4 {[%cal Be1e4,Be4h4,Bh4h8][%mdl 32]} Qd8 $1 ({Not} 26... Nxe4 $2 27. Bxe7+ Ke8 28. Bxe4 $18) 27. Bxf6 Nxf6 28. Rh4 {[%cal Rf3h5]} Qd7 $2 {[#]} (28... b5 $14) 29. Bxh5 $18 {And now Bd1 would win.} b5 $2 (29... Qc7 {was called for.} 30. Be2 Rxh4 31. Qxh4 Ke8) 30. Be2 {White is clearly winning.} Rg8 (30... Rxh4 $142 31. Qxh4 Ng8) 31. Rh8 Qd8 32. Nd5 {Precision: White = 71%, Black = 40%.} 1-0

[Event "8th Dolomiti Open 2017"]
[Site "Forni di Sopra"]
[Date "2017.06.16"]
[Round "8.4"]
[White "Qendro, Llambi"]
[Black "Korneev, Oleg"]
[Result "1/2-1/2"]
[WhiteElo "2328"]
[BlackElo "2569"]
[Annotator "TA"]
[PlyCount "158"]
[EventDate "2017.??.??"]
[EventType "swiss"]
[EventCountry "ITA"]
[SourceTitle "playchess.com"]
[Source "ChessBase"]
[SourceQuality "1"]

{[%evp 22,158,-5,-6,0,0,0,-6,0,-12,-10,-14,0,-14,0,-14,-14,-14,-14,-14,-6,-14,-14,0,0,0,0,-14,-14,-14,-14,-31,-31,-31,-20,-20,-20,-48,-41,-52,-52,-52,-56,-100,-92,-91,-59,-68,-68,-68,-71,-53,-45,-140,-130,-90,-7,-195,-183,-217,-197,-357,-270,-270,-249,-200,-8,-8,0,0,0,0,0,0,0,0,0,0,0,0,0,0,0,0,0,0,0,0,0,0,0,0,0,0,0,0,0,0,0,0,0,0,0,0,0,0,0,0,0,0,0,0,0,0,0,0,0,0,0,0,0,0,0,0,0,0,0,0,0,0,0,0,0,0,0,0,0,-31,0]} 1. d4 Nf6 2. c4 e6 3. Nf3 d5 4. cxd5 exd5 5. Nc3 c6 6. Bg5 Be7 7. e3 Bf5 8. Bd3 Bxd3 9. Qxd3 Nbd7 10. O-O O-O 11. Rab1 a5 12. Qc2 Ne8 {D35: Queen's Gambit Declined: Exchange Variation} 13. Bxe7 Qxe7 14. Na4 Nd6 {The position is equal.} 15. Nc5 {[#]} (15. Ne1 {with more complications.} Rfe8 16. Rc1 g6 17. Nd3 Ne4 18. Rfe1) 15... Nxc5 $146 ({Predecessor:} 15... Rfe8 16. Nxd7 Qxd7 17. Ne5 Qe7 18. a4 Qg5 19. Nf3 Qh5 20. Qd1 {½-½ (33) Fang,Y (2498)-Wen,Y (2613) China 2017}) 16. Qxc5 f6 (16... Qc7 $5 {[%cal Rd6c4]}) 17. Rbe1 Rfe8 18. Nd2 {[%cal Bf3d2,Bd2b1,Bb1c3][%mdl 32]} a4 {[%cal Ba5a4,Ba4a3][%mdl 32]} 19. Qc2 a3 20. b3 Nb5 21. h3 Qf7 22. Nb1 Qg6 23. Qxg6 hxg6 24. Rc1 g5 25. Nc3 {White wants to play Nxb5.} Nd6 26. g4 Kf7 27. Kg2 g6 28. Rh1 Rh8 29. Rce1 f5 30. Kg3 Rae8 31. f3 Re7 32. Re2 Rhe8 33. Rhe1 Kf6 34. Kg2 Nb5 35. Nxb5 cxb5 $15 {[%mdl 4096] Endgame KRR-KRR} 36. Kf2 Rc8 37. e4 (37. Rh1 $15) 37... dxe4 $17 38. fxe4 Rc3 ({Black should try} 38... f4 $17 {Threatening ...Rc3.} 39. Rd1 Ke6 40. d5+ Kd6) 39. exf5 $2 (39. e5+ $11 Ke6 40. gxf5+ gxf5 41. Rg1) 39... Rxe2+ $19 40. Rxe2 gxf5 41. gxf5 $2 (41. d5) 41... Kxf5 $11 {KR-KR} 42. Re7 Rxh3 43. Rxb7 {[#]} Ke4 $2 (43... Kf4 $1 $19 44. d5 Rh2+ 45. Ke1 Rxa2) 44. Rxb5 Rh2+ 45. Kg3 $1 {[%cal Rg3h2]} Rxa2 46. d5 $1 Ra1 (46... Rd2 $5 47. Ra5 $8 Rxd5 48. Rxa3 Rd2 $11) 47. Ra5 Ke5 (47... a2 $5 {[%cal Ra1g1]} 48. Kh2 Ke5 $19) 48. Kg2 g4 49. Kf2 Kf4 50. Ra4+ Ke5 51. Ra5 $1 Kd6 (51... a2 $5 {[%cal Ra1h1]} 52. Kg2 {[#]} g3 $1 $19 {[%mdl 512]}) 52. Kg2 Kc7 53. Kh2 Kd6 54. Kg2 Ke5 55. Kf2 a2 56. Kg2 {[#]} g3 $1 {[%mdl 512]} 57. b4 (57. Kxg3 Rg1+) 57... Kd6 58. b5 Kxd5 59. b6+ Kc6 60. b7 Kxb7 61. Ra3 Kb6 62. Ra8 Kc5 63. Rc8+ Kb6 64. Ra8 Kb5 65. Rb8+ Kc4 66. Rc8+ Kb3 67. Rb8+ Kc3 68. Rc8+ Kd4 69. Rd8+ Ke5 70. Re8+ Kd5 {Strongly threatening ...Rg1+!} 71. Ra8 Kc6 72. Ra3 Kb5 {aiming for ...Kc4.} 73. Ra8 $1 Kb6 74. Ra3 Kb7 {And now ...Kb6 would win.} 75. Ra4 Kb6 {Threatens to win with ...Kc6.} 76. Ra3 Kb5 {White must now prevent ...Kc4.} 77. Ra8 $1 Kc4 {...Kb3 is the strong threat.} 78. Rc8+ $1 Kb3 {Hoping for ...Rg1+!} 79. Rb8+ Kc3 {Precision: White = 63%, Black = 47%.} (79... Ka3 $5 {[%cal Ra1g1]} 80. Ra8+ Kb4 $19) 1/2-1/2

[Event "8th Dolomiti Open 2017"]
[Site "Forni di Sopra"]
[Date "2017.06.16"]
[Round "8.5"]
[White "Basso, Pier Luigi"]
[Black "Naumkin, Igor"]
[Result "1-0"]
[WhiteElo "2448"]
[BlackElo "2401"]
[Annotator "TA"]
[PlyCount "59"]
[EventDate "2017.??.??"]
[EventType "swiss"]
[EventCountry "ITA"]
[SourceTitle "playchess.com"]
[Source "ChessBase"]
[SourceQuality "1"]

{[%evp 14,59,33,37,65,6,29,22,33,33,33,33,33,33,33,33,33,41,43,47,44,34,31,44,44,31,40,34,17,11,39,15,28,22,64,64,71,60,95,58,346,337,331,300,342,319,862,850]} 1. d4 Nf6 2. c4 e6 3. Nc3 Bb4 4. Qc2 Nc6 5. Nf3 d6 6. Bd2 O-O 7. a3 Bxc3 8. Bxc3 a5 {E33: Nimzo-Indian: Classical: 4...Nc6} 9. b3 ({Better is} 9. e4 $14) 9... Qe7 10. e3 Re8 {The position is equal.} (10... e5 11. Be2 Bg4 12. O-O e4 13. Ne1 Bxe2 14. Qxe2 d5 15. Nc2 Qe6 16. c5 h5 17. b4 a4 {1-0 (48) Fridman,D (2639)-Kovalenko,I (2702) Liepaja 2015}) 11. Be2 e5 12. d5 Nb8 13. Nd2 $146 ({Predecessor:} 13. e4 Nbd7 14. Nd2 Nf8 15. Nf1 Ng6 16. g3 Bd7 17. Ne3 Reb8 {1-0 (60) Chilingirova,P (2135)-Jordanova,S (2200) Vratsa 2009}) 13... c6 14. dxc6 Nxc6 15. O-O Be6 16. Rac1 Rac8 17. Qb1 d5 18. cxd5 Nxd5 19. Bb2 Red8 {next ...Nxe3! is good for Black.} 20. Bd3 h6 21. Ne4 Rc7 22. h3 Nf6 23. Nc5 (23. b4 $5 {[%cal Rb4b5]}) 23... Bc8 24. Rfd1 b6 25. Ne4 Bb7 26. Ng3 Qe6 $2 {[%mdl 8192] [#]} (26... g6 $14) 27. Bh7+ $1 $18 {[%mdl 512]} Nxh7 28. Rxd8+ Nxd8 29. Rxc7 Qxb3 $2 (29... Qd5 30. e4 Qd6) 30. Rd7 {Precision: White = 66%, Black = 32%.} 1-0

[Event "8th Dolomiti Open 2017"]
[Site "Forni di Sopra"]
[Date "2017.06.16"]
[Round "8.6"]
[White "Denoyelle, Arnaud"]
[Black "Bellia, Fabrizio"]
[Result "0-1"]
[WhiteElo "2188"]
[BlackElo "2432"]
[Annotator "TA"]
[PlyCount "74"]
[EventDate "2017.??.??"]
[EventType "swiss"]
[EventCountry "ITA"]
[SourceTitle "playchess.com"]
[Source "ChessBase"]
[SourceQuality "1"]

{[%evp 24,74,0,0,10,0,0,-21,-12,-29,0,-111,-117,-230,-231,-210,-195,-219,-213,-225,-222,-287,-281,-297,-287,-315,-291,-385,-256,-541,-527,-662,-650,-618,-439,-590,-564,-568,-568,-643,-585,-577,-549,-884,-889,-896,-885,-885,-866,-1874,-638,-624,-635]} 1. c4 e6 2. Nc3 d5 3. d4 Nf6 4. cxd5 exd5 5. Bg5 Be7 6. e3 c6 7. Bd3 O-O 8. Nge2 Nbd7 {[%cal Bb8d7,Bd7f8,Bf8e6][%mdl 32]} 9. O-O Re8 10. Qc2 Nf8 11. Rae1 g6 12. f3 Ne6 13. Bh4 Bd7 {[#] D36: Queen's Gambit Declined: Exchange Variation: Main line (5 Bg5 c6 6 Qc2)} 14. a3 $146 ({Predecessor:} 14. Kh1 Rc8 15. Qb1 a5 16. e4 dxe4 17. fxe4 Ng4 18. Bxe7 Qxe7 19. h3 Qh4 20. Kg1 Nh6 21. Qc1 {1-0 (50) Georgiev,K (2666)-Bellia,F (2418) Zaragoza 2011}) 14... b5 15. h3 Rc8 {The position is equal.} 16. Qd1 a6 17. e4 (17. Qd2 $11) 17... Nxe4 $1 $17 18. fxe4 (18. Bxe7 $17 Nxc3 19. Bxd8 Nxd1 20. Rxd1 Rcxd8 21. Rc1) 18... Bxh4 $19 19. g3 dxe4 20. Nxe4 Be7 21. Bb1 Ng5 22. Nf4 Nxh3+ 23. Nxh3 Bxh3 24. Rf2 Be6 25. Rh2 c5 26. Qc1 $2 {[#]} (26. dxc5 {was the only chance.} Bxc5+ 27. Nxc5 Rxc5 28. Qxd8 Rxd8 29. Bc2) 26... Qxd4+ {Black is clearly winning.} 27. Kg2 Bd5 28. Kh3 h5 29. Rd1 Be6+ 30. Kg2 Qe5 31. Re1 Kg7 32. Nc3 Qg5 33. Qc2 Bd6 34. Qf2 Bd7 35. Be4 b4 36. Bd5 Qxg3+ 37. Qxg3 Bxg3 {Precision: White = 18%, Black = 60%.} 0-1

[Event "8th Dolomiti Open 2017"]
[Site "Forni di Sopra"]
[Date "2017.06.16"]
[Round "8.7"]
[White "Seresin, Francesco"]
[Black "Bifulco, Michel"]
[Result "1/2-1/2"]
[WhiteElo "2280"]
[BlackElo "2254"]
[Annotator "ChessBase"]
[PlyCount "80"]
[EventDate "2017.??.??"]
[EventType "swiss"]
[EventCountry "ITA"]
[SourceTitle "playchess.com"]
[Source "ChessBase"]
[SourceQuality "1"]
[TimeControl "40/5400+30:1800+30"]

1. d4 {[%emt 0:00:30]} d5 {[%emt 0:01:00]} 2. c4 {[%emt 0:00:30]} e6 {[%emt 0:00:00]} 3. Nc3 {[%emt 0:00:30]} c6 {[%emt 0:00:00]} 4. e3 {[%emt 0:00:30]} Nf6 {[%emt 0:00:00]} 5. Nf3 {[%emt 0:00:30]} Nbd7 {[%emt 0:00:00]} 6. Qc2 {[%emt 0:00:30]} Bd6 {[%emt 0:00:30]} 7. b3 {[%emt 0:00:30]} O-O {[%emt 0:00:30]} 8. Be2 {[%emt 0:00:30]} e5 {[%emt 0:00:00]} 9. cxd5 {[%emt 0:01:30]} cxd5 {[%emt 0:00:00]} 10. Nb5 {[%emt 0:03:30]} Bb4+ {[%emt 0:00:30]} 11. Bd2 {[%emt 0:01:30]} Bxd2+ {[%emt 0:00:30]} 12. Nxd2 {[%emt 0:04:30]} a6 {[%emt 0:00:30]} 13. dxe5 {[%emt 0:03:30]} Nxe5 {[%emt 0:00:30]} 14. Nd4 {[%emt 0:00:00]} Bg4 {[%emt 0:01:30]} 15. O-O {[%emt 0:07:00]} Qd6 {[%emt 0:12:30]} 16. N2f3 {[%emt 0:10:30]} Rac8 {[%emt 0:07:30]} 17. Qb2 {[%emt 0:01:30]} Rfd8 {[%emt 0:01:30]} 18. Rac1 {[%emt 0:04:30]} Nfd7 {[%emt 0:21:30]} 19. Rfd1 {[%emt 0:07:30]} Qf6 {[%emt 0:07:30]} 20. Nxe5 {[%emt 0:06:30]} Nxe5 {[%emt 0:00:30]} 21. Bxg4 {[%emt 0:00:30]} Nxg4 {[%emt 0:00:30]} 22. Qe2 {[%emt 0:00:00]} Ne5 {[%emt 0:03:30]} 23. h3 {[%emt 0:04:00]} h6 {[%emt 0:01:30]} 24. Rc2 {[%emt 0:03:30]} Nc6 {[%emt 0:04:30]} 25. Nxc6 {[%emt 0:05:30]} Rxc6 {[%emt 0:00:00]} 26. Rcd2 {[%emt 0:00:30]} Qe6 {[%emt 0:08:00]} 27. Rd4 {[%emt 0:02:30]} Qf5 {[%emt 0:00:30]} 28. Qg4 {[%emt 0:09:30]} Qxg4 {[%emt 0:01:30]} 29. hxg4 {[%emt 0:00:00]} Rc2 {[%emt 0:01:30]} 30. a4 {[%emt 0:03:41]} Rb2 {[%emt 0:01:30]} 31. Rb4 {[%emt 0:00:52]} Rd7 {[%emt 0:01:30]} 32. Rdd4 {[%emt 0:01:15]} Rc7 {[%emt 0:03:30]} 33. Rf4 {[%emt 0:08:27]} f6 {[%emt 0:04:31]} 34. Rb6 {[%emt 0:01:27]} Kf8 {[%emt 0:02:26]} 35. Rf5 {[%emt 0:02:16]} Ke8 {[%emt 0:03:04]} 36. Rxd5 {[%emt 0:02:22]} Rc1+ {[%emt 0:00:19]} 37. Kh2 {[%emt 0:00:05]} Rxf2 {[%emt 0:00:52]} 38. Rxb7 {[%emt 0:02:26]} Rcc2 {[%emt 0:00:25]} 39. Rdd7 {[%emt 0:00:25]} Rxg2+ {[%emt 0:00:26]} 40. Kh3 {[%emt 0:00:00]} Rcf2 1/2-1/2

[Event "8th Dolomiti Open 2017"]
[Site "Forni di Sopra"]
[Date "2017.06.16"]
[Round "8.8"]
[White "Herbrechtsmeier, Christof"]
[Black "Henderson de La Fuente, Lance"]
[Result "0-1"]
[WhiteElo "2240"]
[BlackElo "2365"]
[Annotator "ChessBase"]
[PlyCount "56"]
[EventDate "2017.??.??"]
[EventType "swiss"]
[EventCountry "ITA"]
[SourceTitle "playchess.com"]
[Source "ChessBase"]
[SourceQuality "1"]
[TimeControl "40/5400+30:1800+30"]

1. e4 {[%emt 0:00:30]} c5 {[%emt 0:01:00]} 2. Nf3 {[%emt 0:00:00]} e6 {[%emt 0:00:00]} 3. d4 {[%emt 0:00:00]} cxd4 {[%emt 0:00:00]} 4. Nxd4 {[%emt 0:00:00]} Nc6 {[%emt 0:00:30]} 5. Nc3 {[%emt 0:00:00]} Qc7 {[%emt 0:00:30]} 6. Be2 {[%emt 0:00:30]} a6 {[%emt 0:00:00]} 7. O-O {[%emt 0:00:00]} Nf6 {[%emt 0:00:00]} 8. Be3 {[%emt 0:00:00]} Be7 {[%emt 0:00:30]} 9. f4 {[%emt 0:00:30]} d6 {[%emt 0:00:30]} 10. Qe1 {[%emt 0:00:30]} O-O {[%emt 0:00:00]} 11. Qg3 {[%emt 0:00:30]} Nxd4 {[%emt 0:00:00]} 12. Bxd4 {[%emt 0:00:30]} b5 {[%emt 0:00:30]} 13. a3 {[%emt 0:00:30]} Bb7 {[%emt 0:00:30]} 14. Bd3 {[%emt 0:01:30]} Rad8 {[%emt 0:01:30]} 15. Rae1 {[%emt 0:02:30]} d5 {[%emt 0:03:30]} 16. Bxf6 {[%emt 0:04:30]} Bxf6 {[%emt 0:00:30]} 17. e5 {[%emt 0:00:30]} Be7 {[%emt 0:00:30]} 18. Nd1 {[%emt 0:02:30]} Bc5+ {[%emt 0:07:30]} 19. Kh1 {[%emt 0:01:30]} f5 {[%emt 0:02:30]} 20. exf6 {[%emt 0:05:30]} Rxf6 {[%emt 0:00:30]} 21. Ne3 {[%emt 0:04:30]} Rdf8 {[%emt 0:06:30]} 22. Qh3 {[%emt 0:05:30]} g6 {[%emt 0:01:30]} 23. Ng4 {[%emt 0:04:30]} Rxf4 {[%emt 0:00:30]} 24. Rxf4 {[%emt 0:02:30]} Qxf4 {[%emt 0:00:30]} 25. Ne5 {[%emt 0:03:30]} Bc8 {[%emt 0:03:30]} 26. g3 {[%emt 0:03:30]} Qg5 {[%emt 0:06:30]} 27. Qg2 {[%emt 0:01:30]} Rf2 {[%emt 0:02:30]} 28. Qg1 {[%emt 0:00:30]} Rxc2 {[%emt 0:04:30]} 0-1

[Event "8th Dolomiti Open 2017"]
[Site "Forni di Sopra"]
[Date "2017.06.16"]
[Round "8.9"]
[White "De Santis, Alessio"]
[Black "Vezzosi, Paolo"]
[Result "1/2-1/2"]
[WhiteElo "2242"]
[BlackElo "2333"]
[Annotator "ChessBase"]
[PlyCount "28"]
[EventDate "2017.??.??"]
[EventType "swiss"]
[EventCountry "ITA"]
[SourceTitle "playchess.com"]
[Source "ChessBase"]
[SourceQuality "1"]
[TimeControl "40/5400+30:1800+30"]

1. Nf3 {[%emt 0:01:30]} d5 {[%emt 0:01:00]} 2. c4 {[%emt 0:01:30]} e6 {[%emt 0:00:30]} 3. e3 {[%emt 0:02:30]} Nf6 {[%emt 0:00:30]} 4. b3 {[%emt 0:00:30]} Be7 {[%emt 0:03:30]} 5. Bb2 {[%emt 0:00:30]} O-O {[%emt 0:00:30]} 6. Nc3 {[%emt 0:00:00]} b6 {[%emt 0:05:30]} 7. Be2 {[%emt 0:00:00]} Bb7 {[%emt 0:00:30]} 8. O-O {[%emt 0:00:30]} c5 {[%emt 0:02:30]} 9. d4 {[%emt 0:07:30]} Nbd7 {[%emt 0:02:30]} 10. a4 {[%emt 0:09:30]} Ne4 {[%emt 0:07:30]} 11. Nxe4 {[%emt 0:01:30]} dxe4 {[%emt 0:00:30]} 12. Ne5 {[%emt 0:01:30]} Nxe5 {[%emt 0:18:30]} 13. dxe5 {[%emt 0:00:30]} Qc7 {[%emt 0:00:30]} 14. Qc2 {[%emt 0:00:30]} Rfd8 {[%emt 0:07:30]} 1/2-1/2